书目信息 |
| 题名: |
孔子家语
|
|
| 作者: | 王国轩 , 王秀梅 译注 | |
| 分册: | ||
| 出版信息: | 北京 中华书局 2011 |
|
| 页数: | 573页 | |
| 开本: | 21cm | |
| 丛书名: | 中华经典名著全本全注全译丛书 | |
| 单 册: | ||
| 中图分类: | B222.24 , B222.25 | |
| 科图分类: | ||
| 主题词: | ||
| 电子资源: | ||
| ISBN: | 978-7-101-07761-2 | |
| 000 | 00970oam2 2200289 45 | |
| 001 | 012001004077 | |
| 005 | 20140928162348.0 | |
| 010 | @a978-7-101-07761-2@b精装@dCNY41.00 | |
| 100 | @a20110517d2011 em y0chiy50 ea | |
| 101 | 0 | @achi |
| 102 | @aCN@b110000 | |
| 105 | @ay z 000yy | |
| 106 | @ar | |
| 200 | 1 | @a孔子家语@9kong zi jia yu@f王国轩,王秀梅译注 |
| 210 | @a北京@c中华书局@d2011 | |
| 215 | @a573页@d21cm | |
| 225 | 1 | @a中华经典名著全本全注全译丛书 |
| 330 | @a全书共分十卷,四十四篇,汇集了孔子及其弟子言行的资料,内容涉及孔子世系、从政、周游、入周考察、问礼老子、与国君问对、与弟子问答等。 | |
| 461 | 0 | @12001 @a中华经典名著全本全注全译丛书 |
| 600 | 0 | @a孔丘@f(前551-前479)@x生平事迹 |
| 605 | @a《孔子家语》@x译文 | |
| 690 | @aB222.24@v4 | |
| 690 | @aB222.25@v4 | |
| 701 | 0 | @a王国轩@9wang guo xuan@f(1939~)@4译注 |
| 701 | 0 | @a王秀梅@9wang xiu mei@f(1942~)@4译注 |
| 801 | 0 | @aCN@b上海新华@c20180901 |
| 905 | @b1164222-6@dB222.24@e864@f5 | |
| 孔子家语/王国轩,王秀梅译注.-北京:中华书局,2011 |
| 573页;21cm.-(中华经典名著全本全注全译丛书) |
| ISBN 978-7-101-07761-2(精装):CNY41.00 |
| 全书共分十卷,四十四篇,汇集了孔子及其弟子言行的资料,内容涉及孔子世系、从政、周游、入周考察、问礼老子、与国君问对、与弟子问答等。 |
| ● |
| 相关链接 |
|
|
|
|
正题名:孔子家语
索取号:B222.24/864
 
预约/预借
| 序号 | 登录号 | 条形码 | 馆藏地/架位号 | 状态 | 备注 |
| 1 | 1164222 | 211642221 | 第一样本阅览室/ [索取号:B222.24/864] | 在馆 | |
| 2 | 1164223 | 211642230 | 第一借阅区/ [索取号:B222.24/864] | 在馆 | |
| 3 | 1164224 | 211642249 | 第一借阅区/ [索取号:B222.24/864] | 在馆 | |
| 4 | 1164225 | 211642258 | 中国特色社会主义理论体系唐师研究基地/ [索取号:B222.24/864] | 在馆 | |
| 5 | 1164226 | 211642267 | 第一借阅区/ [索取号:B222.24/864] | 在馆 |